[Event "BCF-chT2 2324 (4NCL)"]
[Site "England"]
[Date "2024.01.14"]
[Round "4.68"]
[White "Phillips, William"]
[Black "Walsh, Marcus"]
[Result "1/2-1/2"]
[WhiteElo "1801"]
[BlackElo "2038"]
[PlyCount "50"]
[EventDate "2023.11.11"]
[EventType "team-tourn"]
[EventRounds "11"]
[EventCountry "ENG"]
[SourceTitle "CBM 219 Extra"]
[Source "ChessBase"]
[SourceDate "2024.05.31"]
[SourceVersion "1"]
[SourceVersionDate "2024.05.31"]
[SourceQuality "1"]
[WhiteTeam "Cambridge University II"]
[BlackTeam "The ADS"]
[WhiteTeamCountry "ENG"]
[BlackTeamCountry "ENG"]

1. d4 Nf6 2. Nf3 c5 3. d5 e6 4. Nc3 d6 5. e4 e5 6. Bb5+ Nbd7 7. a4 a6 8. Be2 Be7 9. 0-0 0-0 10. a5 b5 11. axb6 Nxb6 12. Ne1 Ne8 13. Be3 Bg5 14. Qd2 Bxe3 15. Qxe3 Nf6 16. h3 Qe7 17. Na4 Nxa4 18. Rxa4 Bb7 19. b3 Rfe8 20. Nd3 Qc7 21. Nb2 h6 22. Rfa1 Ra7 23. Bxa6 Rxa6 24. Rxa6 Bxa6 25. Rxa6 Rd8 1/2-1/2

[Event "BCF-chT2 2223 (4NCL)"]
[Site "England"]
[Date "2023.04.30"]
[Round "10.38"]
[White "Walsh, Marcus"]
[Black "Chaban, Roxolana"]
[Result "1-0"]
[WhiteElo "1928"]
[BlackElo "1766"]
[PlyCount "61"]
[EventDate "2022.10.22"]
[EventType "team-tourn"]
[EventRounds "11"]
[EventCountry "ENG"]
[SourceTitle "EXT 2024"]
[Source "ChessBase"]
[SourceDate "2023.10.10"]
[SourceVersion "1"]
[SourceVersionDate "2023.10.10"]
[SourceQuality "1"]
[WhiteTeam "The ADS"]
[BlackTeam "KJCA Kings"]
[WhiteTeamCountry "ENG"]
[BlackTeamCountry "ENG"]

1. e4 c5 2. d4 cxd4 3. c3 d3 4. Bxd3 Nc6 5. c4 g6 6. Nf3 Bg7 7. Nc3 d6 8. h3 Be6 9. Qe2 Nf6 10. Be3 0-0 11. Rc1 Nd7 12. 0-0 Nde5 13. Nxe5 Nxe5 14. b3 b6 15. Bb1 Rc8 16. Rfd1 f5 17. f4 Nd7 18. Nb5 a6 19. Nd4 Bxd4 20. Bxd4 Nc5 21. Ba1 fxe4 22. b4 Nd7 23. Qxe4 Bf5 24. Qd5+ Rf7 25. Bxf5 gxf5 26. Rd3 Kf8 27. Rg3 b5 28. c5 dxc5 29. Rd1 Rc7 30. bxc5 e6 31. Qd6+ 1-0